Conversations sur l'architecture : cours de théorie de l'architecture : professé a L'école Nationale Supérieure des Beaux-Arts /

Guardat en:
Dades bibliogràfiques
Autor principal: Gutton, André (autor)
Format: Llibre
Idioma:francès
Publicat: París, Francia : Vincent, Fréal et Compagnie, 1954, c1954
Matèries:
Etiquetes: Afegir etiqueta
Sense etiquetes, Sigues el primer a etiquetar aquest registre!

MARC

LEADER 00000nam^a2200000^a^4500
001 000186841
005 20250521000000.0
009 20260310102240.299
037 |a Acervo ITESO - Biblioteca 
041 |a FRA 
082 |a 720. 1  |b GUT V. 2 
100 |a Gutton, André  |e (autor) 
245 1 0 |a Conversations sur l'architecture :  |b cours de théorie de l'architecture : professé a L'école Nationale Supérieure des Beaux-Arts /  |c A. Gutton. 
264 4 |a París, Francia :  |b Vincent, Fréal et Compagnie,  |c 1954, c1954 
300 |a 243 p. 
336 |a texto  |b txt  |2 rdacontenido 
337 |a sin mediación  |b n  |2 rdamedio 
338 |a volumen  |b nc  |2 rdasoporte 
649 |a XX 
650 |a Vivienda 
650 |a Composición Arquitectónica 
650 |a Diseño Arquitectónico -  |x Teoría 
650 |a Arquitectura -  |x Teoría 
650 |a Arte -  |x Teoría 
910 |a Fondo Julio de la Peña Lomelín 
920 |a Impresos - Libros 
930 |a Arquitectos Jaliscienses 
905 |a 115 
901 |a 0500128507  |b IT1  |c JAL  |u 20250521 
902 |a https://opac.biblio.iteso.mx/vufind/Record/000186841